[Event "San Francisco TNM Summer op"]
[Site "San Francisco"]
[Date "2017.06.27"]
[Round "6"]
[White "Cowgill, Jackie P"]
[Black "Nassif, Wassim J"]
[Result "0-1"]
[WhiteElo "1198"]
[BlackElo "1173"]
[PlyCount "102"]
[EventDate "2017.05.23"]
[EventType "swiss"]
[EventRounds "8"]
[EventCountry "USA"]
[SourceTitle "EXT 2023"]
[Source "ChessBase"]
[SourceDate "2022.10.05"]
[SourceVersion "1"]
[SourceVersionDate "2022.10.05"]
[SourceQuality "1"]

1. e4 e5 2. Nf3 Nc6 3. Bb5 a6 4. Ba4 Nf6 5. 0-0 Nxe4 6. d4 exd4 7. Re1 d5 8. Bxc6+ bxc6 9. Nbd2 Be7 10. Nxe4 dxe4 11. Rxe4 0-0 12. Re1 c5 13. b3 Bf6 14. Rb1 Bb7 15. Nd2 Qd6 16. Nf3 Rae8 17. Bb2 Rxe1+ 18. Nxe1 a5 19. Qd3 Re8 20. Qb5 Qc6 21. Qxc6 Bxc6 22. a4 h6 23. Ba3 Re5 24. Nd3 Rg5 25. g3 Be7 26. Re1 Bf8 27. Bc1 Rg6 28. Bf4 Bd6 29. Bxd6 cxd6 30. h4 f5 31. Nf4 Rf6 32. h5 Be4 33. Nd3 Kf7 34. Kf1 Ke7 35. f3 Kd7 36. fxe4 fxe4+ 37. Nf4 e3 38. Ke2 Rf5 39. Kd3 Rg5 40. Rg1 Ke7 41. c3 dxc3 42. Kxe3 d5 43. Kf3 d4 44. Re1+ Kd7 45. Ne6 Rxh5 46. Nxg7 Rh2 47. Re5 Kd6 48. Re6+ Kd5 49. Ra6 c2 50. b4 c1Q 51. Rxa5 Qe3+ 0-1

[Event "San Francisco TNM Spring op"]
[Site "San Francisco"]
[Date "2017.03.28"]
[Round "3"]
[White "Cowgill, Jackie P"]
[Black "Malykin, Erika"]
[Result "0-1"]
[WhiteElo "1185"]
[BlackElo "1567"]
[PlyCount "60"]
[EventDate "2017.03.14"]
[EventType "swiss"]
[EventRounds "8"]
[EventCountry "USA"]
[SourceTitle "EXT 2023"]
[Source "ChessBase"]
[SourceDate "2022.10.05"]
[SourceVersion "1"]
[SourceVersionDate "2022.10.05"]
[SourceQuality "1"]

1. e4 e6 2. d4 c5 3. Nf3 cxd4 4. Nxd4 Nc6 5. Nb5 Bb4+ 6. N1c3 a6 7. Nd6+ Bxd6 8. Qxd6 Qe7 9. Qd1 Qh4 10. g3 Qf6 11. Be3 Nge7 12. Qd2 Qf3 13. Rg1 Qf6 14. 0-0-0 h6 15. f4 d5 16. Bg2 d4 17. e5 dxc3 18. Qxc3 Qf5 19. Bxc6+ Nxc6 20. Rd6 0-0 21. Bc5 Re8 22. Bb6 Ne7 23. Rd8 Rxd8 24. Bxd8 Nd5 25. Qa3 Bd7 26. Qa5 Rc8 27. Rg2 Qe4 28. Rd2 Ne3 29. Bc7 Qh1+ 30. Rd1 Qxd1# 0-1

[Event "San Francisco TNM Winter op"]
[Site "San Francisco"]
[Date "2017.01.31"]
[Round "5"]
[White "Cowgill, Jackie P"]
[Black "Marrus, Matthew E"]
[Result "0-1"]
[WhiteElo "1187"]
[BlackElo "1240"]
[PlyCount "98"]
[EventDate "2017.01.03"]
[EventType "swiss"]
[EventRounds "8"]
[EventCountry "USA"]
[SourceTitle "EXT 2018"]
[Source "ChessBase"]
[SourceDate "2017.10.13"]
[SourceVersion "1"]
[SourceVersionDate "2017.10.13"]
[SourceQuality "1"]

1. e4 e5 2. Nf3 Nc6 3. Bb5 Nf6 4. 0-0 Bc5 5. c3 d6 6. h3 Nxe4 7. Bxc6+ bxc6 8. d4 exd4 9. Nxd4 0-0 10. Re1 Qh4 11. Be3 Bb7 12. Nd2 Rfe8 13. Nxe4 Rxe4 14. Nf3 Qe7 15. Bxc5 dxc5 16. Rxe4 Qxe4 17. Qd7 Re8 18. Re1 Qxe1+ 19. Nxe1 Rxe1+ 20. Kh2 h6 21. c4 Re2 22. Qxc7 Rxb2 23. a4 Ba6 24. Qxa7 Bxc4 25. Qxc5 Bd5 26. Qa3 Rxf2 27. Qg3 Ra2 28. Qg4 f5 29. Qg6 Be4 30. Kg1 Rxa4 31. Kf2 Ra2+ 32. Ke3 Rxg2 33. Qe8+ Kh7 34. h4 Rg1 35. h5 Rg3+ 36. Kd4 Rg4 37. Kc5 Rg5 38. Kd4 Bf3 39. Kc4 Rxh5 40. Kc5 f4+ 41. Kd4 Rd5+ 42. Kc3 Bh1 43. Qf8 f3 44. Qa8 f2 45. Qa1 Rf5 46. Qxh1 f1Q 47. Qe4 g6 48. Qe7+ Rf7 49. Qd6 Qc1+ 0-1

[Event "San Francisco TNM Fall op"]
[Site "San Francisco"]
[Date "2016.11.08"]
[Round "4"]
[White "Bayaraa, Bilguun"]
[Black "Cowgill, Jackie P"]
[Result "1/2-1/2"]
[WhiteElo "1127"]
[BlackElo "1205"]
[PlyCount "56"]
[EventDate "2016.10.18"]
[EventType "swiss"]
[EventRounds "9"]
[EventCountry "USA"]
[SourceTitle "EXT 2018"]
[Source "ChessBase"]
[SourceDate "2017.10.13"]
[SourceVersion "1"]
[SourceVersionDate "2017.10.13"]
[SourceQuality "1"]

1. d4 d5 2. Nf3 Nf6 3. Bf4 e6 4. c4 c6 5. c5 Be7 6. Nc3 0-0 7. b4 a6 8. a3 Re8 9. Na4 Nbd7 10. e3 b5 11. Nc3 Ne4 12. Qc2 Nxc3 13. Qxc3 Nf6 14. Bd3 Ne4 15. Qc2 h5 16. Bxe4 dxe4 17. Qxe4 Bd7 18. h3 Bf6 19. Rd1 a5 20. 0-0 axb4 21. axb4 Ra4 22. Rb1 Qa8 23. Bg5 Bxg5 24. Nxg5 g6 25. Qh4 e5 26. Rfd1 exd4 27. Rxd4 Bf5 28. e4 Ra1 1/2-1/2

[Event "San Francisco TNM Summer op"]
[Site "San Francisco"]
[Date "2014.05.27"]
[Round "1"]
[White "Cowgill, Jackie P"]
[Black "Newey, Richard H"]
[Result "0-1"]
[WhiteElo "1019"]
[BlackElo "1796"]
[PlyCount "78"]
[EventDate "2014.05.27"]
[EventType "swiss"]
[EventRounds "8"]
[EventCountry "USA"]
[SourceTitle "EXT 2016"]
[Source "ChessBase"]
[SourceDate "2015.10.08"]
[SourceVersion "1"]
[SourceVersionDate "2015.10.08"]
[SourceQuality "1"]

1. e4 c5 2. Nf3 d6 3. d4 cxd4 4. Nxd4 Nf6 5. Nc3 Nc6 6. Bg5 e6 7. Qd2 Be7 8. Be2 Qa5 9. Nf3 0-0 10. 0-0 Rd8 11. a3 a6 12. b4 Qc7 13. Rad1 b5 14. Bd3 Bb7 15. Qc1 Nxb4 16. Qb2 Nc6 17. Ne2 Rac8 18. c3 Na5 19. Qb1 e5 20. Rc1 Nc4 21. Ng3 Nxa3 22. Qb3 Nc4 23. Bxc4 Qxc4 24. Nd2 Qxb3 25. Nxb3 Rd7 26. Nf5 Bxe4 27. Nxe7+ Rxe7 28. Bxf6 gxf6 29. Rfe1 d5 30. Re3 Rec7 31. Rg3+ Kf8 32. Nd2 Bg6 33. h3 d4 34. c4 bxc4 35. Nxc4 Rxc4 36. Rxc4 Rxc4 37. Rb3 d3 38. Rb6 d2 39. Rxf6 d1Q+ 0-1

[Event "San Francisco TNM Spring op"]
[Site "San Francisco"]
[Date "2014.04.29"]
[Round "7"]
[White "Schlosberg, Mark"]
[Black "Cowgill, Jackie P"]
[Result "1-0"]
[WhiteElo "1289"]
[BlackElo "1040"]
[PlyCount "78"]
[EventDate "2014.03.18"]
[EventType "swiss"]
[EventRounds "8"]
[EventCountry "USA"]
[SourceTitle "EXT 2016"]
[Source "ChessBase"]
[SourceDate "2015.10.08"]
[SourceVersion "1"]
[SourceVersionDate "2015.10.08"]
[SourceQuality "1"]

1. e4 e5 2. Nf3 Nc6 3. Bc4 Bc5 4. c3 Nf6 5. b4 Bb6 6. d3 d6 7. Bg5 Be6 8. Bxe6 fxe6 9. Bxf6 Qxf6 10. Nbd2 0-0-0 11. 0-0 d5 12. exd5 exd5 13. Qe2 Rhe8 14. a4 a6 15. a5 Ba7 16. Qd1 e4 17. d4 exf3 18. Qxf3 Qg5 19. Qh3+ Kb8 20. Nf3 Qe7 21. Rfe1 Qd6 22. Rxe8 Rxe8 23. Qxh7 Nxb4 24. cxb4 Qxb4 25. Qb1 Qc3 26. Qd1 Re4 27. Rc1 Qxa5 28. h3 Qa4 29. Qxa4 Bb6 30. Qd7 c6 31. Qxg7 Re8 32. Re1 Rc8 33. Qf7 Ka7 34. Re8 Rxe8 35. Qxe8 a5 36. h4 Ka6 37. Ne5 Bxd4 38. Nxc6 bxc6 39. Qxc6+ Bb6 1-0

[Event "San Francisco TNM Fall op"]
[Site "San Francisco"]
[Date "2013.11.19"]
[Round "5"]
[White "Bayaraa, Chinguun"]
[Black "Cowgill, Jackie P"]
[Result "1-0"]
[WhiteElo "1625"]
[BlackElo "983"]
[PlyCount "46"]
[EventDate "2013.10.22"]
[EventType "swiss"]
[EventRounds "9"]
[EventCountry "USA"]
[SourceTitle "EXT 2016"]
[Source "ChessBase"]
[SourceDate "2015.10.08"]
[SourceVersion "1"]
[SourceVersionDate "2015.10.08"]
[SourceQuality "1"]

1. d4 d5 2. c4 c6 3. Nc3 dxc4 4. a4 Bf5 5. e4 Bg6 6. Bxc4 e6 7. Be3 Bb4 8. f3 Nf6 9. Nge2 a5 10. 0-0 0-0 11. Qb3 Qc8 12. Nf4 c5 13. d5 Bxc3 14. Qxc3 exd5 15. Nxd5 Nbd7 16. Ne7+ Kh8 17. Nxc8 Rfxc8 18. Bb5 b6 19. Rfd1 h6 20. Bxd7 Nxd7 21. Rxd7 Re8 22. Rad1 f6 23. Bxh6 gxh6 1-0

[Event "San Francisco TNM Fall op"]
[Site "San Francisco"]
[Date "2013.10.29"]
[Round "2"]
[White "Cowgill, Jackie P"]
[Black "Gomboluudev, Enkhjin C"]
[Result "1-0"]
[WhiteElo "983"]
[BlackElo "1137"]
[PlyCount "63"]
[EventDate "2013.10.22"]
[EventType "swiss"]
[EventRounds "9"]
[EventCountry "USA"]
[SourceTitle "EXT 2016"]
[Source "ChessBase"]
[SourceDate "2015.10.08"]
[SourceVersion "1"]
[SourceVersionDate "2015.10.08"]
[SourceQuality "1"]

1. e4 e5 2. Nf3 Nc6 3. Bb5 Nf6 4. 0-0 Bc5 5. c3 d6 6. Bxc6+ bxc6 7. d4 exd4 8. cxd4 Bb6 9. Nc3 0-0 10. Re1 Re8 11. Bg5 h6 12. Bh4 g5 13. Bg3 Be6 14. h3 Qd7 15. a3 g4 16. e5 dxe5 17. Nxe5 gxh3 18. Nxd7 Bxd7 19. gxh3 Bxh3 20. Rxe8+ Rxe8 21. Qd2 Kh7 22. Re1 Rd8 23. Ne2 c5 24. Bh4 Rd6 25. Bxf6 Rxf6 26. Nf4 Be6 27. Nxe6 fxe6 28. Re4 Rg6+ 29. Kf1 cxd4 30. Qe2 c5 31. Rg4 Rxg4 32. Qxg4 1-0

[Event "San Francisco Neil Falconer op"]
[Site "San Francisco"]
[Date "2013.08.13"]
[Round "2"]
[White "Allen, Tom"]
[Black "Cowgill, Jackie P"]
[Result "1-0"]
[WhiteElo "1574"]
[BlackElo "1002"]
[PlyCount "59"]
[EventDate "2013.08.06"]
[EventType "swiss"]
[EventRounds "9"]
[EventCountry "USA"]
[SourceTitle "EXT 2016"]
[Source "ChessBase"]
[SourceDate "2015.10.08"]
[SourceVersion "1"]
[SourceVersionDate "2015.10.08"]
[SourceQuality "1"]

1. e4 e5 2. Nf3 Nc6 3. d4 exd4 4. c3 dxc3 5. Bc4 d6 6. Nxc3 Nf6 7. 0-0 Be7 8. Re1 0-0 9. Bf4 a6 10. e5 Na5 11. exf6 Bxf6 12. Bd3 Bxc3 13. bxc3 Be6 14. Qc2 Bc4 15. Bxh7+ Kh8 16. Be4 Qf6 17. Bg5 Qe6 18. Bxb7 Qxe1+ 19. Rxe1 Rae8 20. Be4 Be6 21. Qa4 Nc4 22. Qxa6 d5 23. Bd3 Nd6 24. Bf4 Bf5 25. Bxd6 Bxd3 26. Qxd3 Rxe1+ 27. Nxe1 cxd6 28. Qxd5 Rb8 29. Qd2 d5 30. g3 1-0

[Event "San Francisco TNM Summer op"]
[Site "San Francisco"]
[Date "2013.06.04"]
[Round "2"]
[White "Otterbach, Renate"]
[Black "Cowgill, Jackie P"]
[Result "0-1"]
[WhiteElo "948"]
[BlackElo "964"]
[PlyCount "82"]
[EventDate "2013.05.28"]
[EventType "swiss"]
[EventRounds "8"]
[EventCountry "USA"]
[SourceTitle "EXT 2016"]
[Source "ChessBase"]
[SourceDate "2015.10.08"]
[SourceVersion "1"]
[SourceVersionDate "2015.10.08"]
[SourceQuality "1"]

1. d4 d5 2. Nf3 Nf6 3. e3 c5 4. b3 e6 5. Bb2 Nbd7 6. Nbd2 a6 7. c4 Be7 8. Bd3 0-0 9. 0-0 Re8 10. Re1 b6 11. e4 dxe4 12. Nxe4 Nxe4 13. Rxe4 Nf6 14. Rh4 Rb8 15. Qc2 g6 16. Re1 Bb7 17. Ne5 Nd7 18. Rf4 f5 19. Nxg6 hxg6 20. Rxe6 Bf6 21. d5 Bxb2 22. Rxg6+ Kf7 23. Rxf5+ Bf6 24. g4 Rg8 25. Rf4 Qc7 26. Qd2 Rxg6 27. Qe3 Rg5 28. f3 Re8 29. Qd2 Bc8 30. h4 Rg7 31. Kf2 Ne5 32. Rxf6+ Kxf6 33. Qc3 Kf7 34. Be4 Ng6 35. Qd3 Qh2+ 36. Ke3 Qg1+ 37. Kd2 Qf2+ 38. Kd1 Nf4 39. Qc2 Qf1+ 40. Kd2 Qf2+ 41. Kc3 Qd4# 0-1

[Event "San Francisco TNM Summer op"]
[Site "San Francisco"]
[Date "2013.05.28"]
[Round "1"]
[White "Cowgill, Jackie P"]
[Black "Sherwood, Peter"]
[Result "0-1"]
[WhiteElo "964"]
[BlackElo "1789"]
[PlyCount "60"]
[EventDate "2013.05.28"]
[EventType "swiss"]
[EventRounds "8"]
[EventCountry "USA"]
[SourceTitle "EXT 2016"]
[Source "ChessBase"]
[SourceDate "2015.10.08"]
[SourceVersion "1"]
[SourceVersionDate "2015.10.08"]
[SourceQuality "1"]

1. e4 c5 2. Nf3 d6 3. d4 cxd4 4. Nxd4 Nf6 5. Nc3 a6 6. Bg5 e6 7. Qd2 Be7 8. Bd3 Nc6 9. Nf3 b5 10. a3 Bb7 11. 0-0 0-0 12. Rfe1 Qc7 13. Rac1 Rfd8 14. b4 Rac8 15. Bxf6 Bxf6 16. Nd1 Ne5 17. Nxe5 Bxe5 18. c4 d5 19. Qe2 dxc4 20. Bxc4 bxc4 21. Nb2 c3 22. Nd3 Bxh2+ 23. Kh1 Be5 24. Nc5 Rd2 25. Qh5 g6 26. Qg5 Bg7 27. e5 Rxf2 28. Ne4 Bxe4 29. Rxe4 Rf5 30. Qh4 Rh5 0-1

[Event "San Francisco TNM Spring op"]
[Site "San Francisco"]
[Date "2013.04.30"]
[Round "7"]
[White "Cowgill, Jackie P"]
[Black "Olson, David L"]
[Result "1/2-1/2"]
[WhiteElo "1025"]
[BlackElo "1519"]
[PlyCount "57"]
[EventDate "2013.03.19"]
[EventType "swiss"]
[EventRounds "8"]
[EventCountry "USA"]
[SourceTitle "EXT 2016"]
[Source "ChessBase"]
[SourceDate "2015.10.08"]
[SourceVersion "1"]
[SourceVersionDate "2015.10.08"]
[SourceQuality "1"]

1. e4 e5 2. Nf3 Nc6 3. Bb5 Nd4 4. Nxd4 exd4 5. 0-0 Bc5 6. d3 Ne7 7. Nd2 0-0 8. a3 d5 9. Nf3 Bg4 10. b4 Bb6 11. Bg5 f6 12. Bh4 Ng6 13. Bg3 f5 14. exf5 Rxf5 15. Qe2 Qf6 16. Rfe1 c6 17. Ba4 Rf8 18. c4 Nf4 19. Bxf4 Rxf4 20. Qe7 Bxf3 21. Qxf6 R4xf6 22. gxf3 Rg6+ 23. Kh1 Bd8 24. Rg1 Rh6 25. Rg2 Rxf3 26. Re1 Kf7 27. cxd5 Rxd3 28. Bc2 Rxa3 29. Bf5 1/2-1/2